000 00407cam a22001217a 4500
008 180718b1987 xxu||||| |||| 00| 0 eng d
082 _aAPPPA 86-87 KEE
100 _aKeerthiraitne, J.G.
245 _aReview of the gramodaya programme in Sri Lanka
_cby J.G. Keerthiraitne
260 _aNew Delhi
_bIndian Institute of Public Administration
_c1987
300 _a119+p.
650 _aGramodaya programme-Sri Lanka
999 _c501445
_d501445